000 00765nam a2200241Ia 4500
003 OSt
005 20220926022432.0
006 a|||||r|||| 00| 0
007 ta
008 220923b |||||||| |||| 00| 0 eng d
037 _cGeneral Book
040 _aRTL
_cRTL
_beng
041 _2eng
_aeng
082 _aX9(JB).581.P, P2
100 _aMetreveli Kate
_9327794
245 0 _aForest and forest products country profile
_b Georg
260 _aNew York
_bUnited Nations U. S. A.
_c2002
300 _a44p.
_ccm.
500 _aGeneva Timber and Forest Discussion Papers; United Nations, Economic Commission for Europe
650 _aForestry Industry
942 _hX9(JB).581.P, P2
_cGB
_2CC
999 _c639487
_d639487